Complete the Titles of Songs by Metallica - Statistics

General Stats
  • This quiz has been taken 21 times
  • The average score is 14 of 15
Answer Stats
Songs % Correct
Enter {Sandman}
100%
Fade To {Black}
100%
For Whom The Bell {Tolls}
100%
Master Of {Puppets}
100%
Sad But {True}
100%
Seek & {Destroy}
100%
Don't Tread On {Me}
94%
Nothing Else {Matters}
94%
Ride The {Lightning}
94%
Wherever I May {Roam}
94%
Creeping {Death}
88%
Moth Into {Flame}
88%
The Day That Never {Comes}
75%
The Memory {Remains}
75%
Turn The {Page}
69%
No matching quizzes found
Score Distribution
Percent of People with Each Score
Percentile by Number Answered
Your Score History
You have not taken this quiz